00647nam a2200169 i 4500001000700000003000900007005001700016007000300033008004100036080002200077245017900099260006500278300002800343650003800371700004800409852002000457114638ES-MaACL20251120142807.0t|070316s1930 sp ||||1| spa d a398.9(460)(082.2)00a12600 refranes más no contenidos en la colección del maestro Gonzalo Correas ni en "Más de 21000 refranes castellanos" / callególos... Francisco Rodríguez Marín. aMadrid : b[s.n.], c1930 (fImp. de la Revista de Archivos) aVIII, 344 p. ; c26 cm. 4aRefranes y proverbios-zEspaña.1 aRodríguez Marín, Francisco, d1855-1943 aES-MaACLjA-222